| 000 | 00390nam a22001457a 4500 | ||
|---|---|---|---|
| 020 | _a9788173198427 | ||
| 082 | _a515 JOS | ||
| 100 | _aJoshi, K. D. | ||
| 245 | _aCalculus for scientists and engineers : an analytical approach | ||
| 260 |
_aNew Delhi _bNarosa Publishing _c2012 |
||
| 300 |
_axiii, 797p. : _e22 cm |
||
| 650 | _aEngineering mathematics | ||
| 700 | _aK. D. Joshi | ||
| 942 | _cBK | ||
| 999 |
_c11856 _d11856 |
||